Statistics for FIFA 17 Top 10 English Central Midfielders

Click here to take the quiz!

General Stats

  • This quiz has been taken 37 times
  • The average score is 5 of 10

Answer Stats

RankPlayerOVA% Correct
5Jordan Henderson81
90%
1Jack Wilshere82
77%
7Danny Drinkwater80
60%
8Frank Lampard78
60%
3Michael Carrick81
60%
4James Milner81
57%
2Steven Gerrard81
50%
6Gareth Barry80
43%
9Mark Noble78
33%
10Lee Cattermole78
10%

Score Distribution

Percentile by Number Answered

Percent of People with Each Score

Your Score History

You have not taken this quiz